Wanted : Dennis the Menace /
Hank Ketcham (1920-2001), dibujante norteamericano, creador de Daniel el Travieso, célebre historieta creada en 1951. Prototipo del "American Way of Life" de mediados del siglo XX, Daniel el Travieso tiene como protagonista a un niño de cerca de seis años de edad, su familia, sus vecinos, sus amigos...
Gorde:
| Egile nagusia: | |
|---|---|
| Formatua: | Liburua |
| Hizkuntza: | ingelesa |
| Saila: | (The Complete Book ;
1153) |
| Gaiak: | |
| Etiketak: |
Etiketarik gabe, Izan zaitez lehena erregistro honi etiketa jartzen!
|
MARC
| LEADER | 00000nam^a2200000^a^4500 | ||
|---|---|---|---|
| 001 | 000278858 | ||
| 005 | 20250521000000.0 | ||
| 009 | 20260310111418.193 | ||
| 037 | |a Acervo ITESO - Biblioteca | ||
| 041 | |a ING | ||
| 082 | |a 741. 51 |b KET | ||
| 100 | |a Ketcham, Hank |e (autor) | ||
| 240 | 1 | 1 | |a [Daniel el Travieso] |
| 245 | 1 | 0 | |a Wanted : |b Dennis the Menace / |c H. Ketcham. |
| 264 | |a Nueva York, EUA : |b Pocket Books, |c fecha no identificada | ||
| 300 | |a 1 v. (sin paginación) | ||
| 336 | |a texto |b txt |2 rdacontenido | ||
| 337 | |a sin mediación |b n |2 rdamedio | ||
| 338 | |a volumen |b nc |2 rdasoporte | ||
| 440 | 5 | |a (The Complete Book ; |v 1153) | |
| 520 | |a Hank Ketcham (1920-2001), dibujante norteamericano, creador de Daniel el Travieso, célebre historieta creada en 1951. Prototipo del "American Way of Life" de mediados del siglo XX, Daniel el Travieso tiene como protagonista a un niño de cerca de seis años de edad, su familia, sus vecinos, sus amigos y su fiel perro, habitantes de un típico suburbio de clase media que se mueve alrededor de un centro comercial. La tira, inspirada en la figura del hijo del propio Ketcham, contó con el guión y el dibujo de su creador hasta que, en 1994, un grupo de trabajo, dirigido por Ketcham, continuó el trabajo. Daniel el Travieso ha sido adaptada a televisión con actores y en dibujos animados, dos versiones cinematográficas, una película para televisión y una cinta animada. | ||
| 562 | |a Falta cubierta | ||
| 649 | |a XX | ||
| 650 | |a Niños Norteamericanos | ||
| 650 | |a Clase Media - |z EUA - |x Historia - |y Siglo XX | ||
| 650 | |a Zonas Conurbadas - |z EUA - |x Historia - |y Siglo XX | ||
| 650 | |a Vida Cotidiana - |z EUA - |x Historia - |y Siglo XX | ||
| 650 | |a Historietas y Caricaturas Infantiles | ||
| 650 | |a Historietas y Caricaturas Norteamericanas | ||
| 650 | |a Medios Impresos | ||
| 650 | |a Medios de Comunicación | ||
| 650 | |a Comunicación Visual | ||
| 650 | |a Comunicación Masiva | ||
| 910 | |a Fondo General | ||
| 920 | |a Impresos - Libros | ||
| 930 | |a Colección General | ||
| 905 | |a 101 | ||
| 901 | |a 0500164138 |b IT1 |c ACC |u 20250521 | ||
| 902 | |a https://opac.biblio.iteso.mx/vufind/Record/000278858 | ||